Statistiques concernant Les chef-lieux français par population

Cliquez ici pour prendre le quiz!

Statistiques générales

  • Ce quiz a été pris 141 fois
  • Le résultat moyen est 32 sur 101

Statistiques - réponses

Population (hab)Chef-Lieu% Correct
2 175 601Paris
100%
518 635Lyon
99%
868 277Marseille
99%
486 828Toulouse
93%
341 032Nice
88%
314 138Nantes
86%
284 677Strasbourg
77%
290 053Montpellier
76%
257 068Bordeaux
73%
217 728Rennes
71%
233 098Lille
69%
176 198Toulon
55%
173 089Saint-Etienne
51%
157 650Grenoble
49%
154 508Angers
45%
156 854Dijon
44%
146 734Clermont-Ferrand
43%
149 633Nîmes
41%
150 535Saint-Denis
40%
136 463Tours
40%
133 891Amiens
38%
105 512Caen
37%
131 479Limoges
37%
104 885Nancy
37%
143 252Le Mans
36%
116 581Metz
36%
111 360Rouen
36%
119 188Perpignan
35%
128 199Annecy
34%
116 775Besançon
34%
12 227Mende
34%
76 275Pau
34%
8 363Privas
34%
9 452Foix
33%
76 114La Rochelle
33%
116 238Orléans
33%
91 729Avignon
31%
88 665Poitiers
31%
96 807Nanterre
30%
85 205Versailles
30%
68 703Colmar
29%
64 726Valence
29%
92 265Créteil
28%
63 166Quimper
28%
64 668Bourges
27%
61 996Troyes
27%
56 605Beauvais
26%
58 833Chambéry
26%
70 817Ajaccio
23%
48 993Albi
23%
12 889Guéret
23%
49 573Laval
23%
53 438Vannes
23%
22 200Auch
22%
45 871Blois
22%
16 333Digne-les-Bains
22%
78 126Fort-de-France
22%
59 059Niort
22%
67 131Evry-Courcouronnes
21%
40 559Gap
21%
54 766La Roche-sur-Yon
21%
19 061Le Puy-en-Velay
21%
60 952Montauban
21%
24 319Rodez
21%
41 711Angoulême
20%
46 954Belfort
20%
19 907Cahors
20%
46 707Evreux
20%
41 555Arras
19%
25 531Aurillac
19%
48 044Bastia
19%
63 652Cayenne
19%
43 442Châteauroux
19%
33 279Nevers
19%
14 705Tulle
19%
34 764Auxerre
17%
14 733Bar-le-Duc
17%
54 272Bobigny
17%
41 248Bourg-en-Bresse
17%
44 246Châlons-en-Champagne
17%
38 426Chartres
17%
29 683Mont-de-Marsan
17%
19 024Saint-Lô
17%
42 426Tarbes
17%
46 513Carcassonne
16%
33 012Epinal
16%
24 710Laon
16%
19 563Moulins
16%
30 060Périgueux
16%
44 170Saint-Brieuc
16%
14 973Vesoul
16%
32 223Agen
15%
10 046Basse-Terre
15%
46 391Charleville-Mézières
15%
25 775Alençon
14%
17 320Lons-le-Saunier
14%
21 990Chaumont
12%
39 947Melun
12%
31 422Pontoise (préfecture à Cergy)
12%
33 810Mâcon
10%
17 831Dzaoudzi (préfecture à Mamoudzou)
9%

Distribution des résultats

Percentile par nombre de réponses

% des personnes avec chaque résultat

Votre développement - résultats

Vous n’avez pas pris ce quiz